Statistics for "Jeopardy!" "Stupid Answers" Category Clues #9

Click here to take the quiz!

General Stats

  • This quiz has been taken 110 times
  • The average score is 14 of 25

Answer Stats

HintAnswer% Correct
Arthur Wynne created this; the first puzzle appeared Dec. 21 1913 with the name Word-Crosscrossword puzzle
94%
The C in NASCAR stands for thisCar
85%
The word origami the Japanese art of folding paper comes from words meaning this"paper folding"
84%
It's the third-largest city in KansasKansas City
80%
This current U.S. coin a cupro-nickel composition is 25% nickelnickel
80%
In October 2003 police in Monroe Township Penn. looked for a cat burglar who stole these from a local sheltercats
77%
The scientific name of this Andean animal is Lama glamallama
72%
According to the New Book of Knowledge the panhandle of Texas is located next to this part of Oklahomathe panhandle
71%
It's the first verb in the Pledge of Allegiancepledge
70%
Paris Hilton & Tiger Woods were 2 of the people on the cover of this magazine's Dec. 15 2003 issuePeople
69%
Althing the name of Iceland's parliament means this"parliament"
68%
Each year this magazine sponsors a geographic-based bee for kidsNational Geographic
63%
The name of the Gobi a vast desert of central Asia means this in Mongolian"desert"
62%
Lopp Motors in this city in Kansas has been selling Chryslers & Dodges there since 1973Dodge City
53%
In 1983 some considered this Salt Lake City native the best young quarterback in the countrySteve Young
53%
The first line of this novel by Virginia Woolf is Mrs. Dalloway said she would buy the flowers herselfMrs. Dalloway
51%
This rockabilly trio had a 1983 hit with Stray Cat StrutStray Cats
44%
In New York City Eighth Avenue becomes this street as it runs along the west edge of Central ParkCentral Park West
41%
Invented in the late '50s it's a functional circuit formed when diodes transistors etc. are integratedintegrated circuit
31%
It's the state song of the state of MaineState of Maine
27%
Composer Benjamin Britten was born November 22 1913 at Lowestoft on this islandGreat Britain
26%
(Cheryl of the Clue Crew in Stratford-upon-Avon England) Although only its foundations remain today in 1597 Shakespeare bought a new place in Stratford called thisNew Place
15%
(Sofia of the Clue Crew up in the Goodyear Blimp) It's a majestic sight as the water breaks over this barrier located below usbreakwater
14%
Charlie & Donald Kaufman got an Oscar nomination for their adaptation of The Orchid Thief into this filmAdaptation
13%
I'm Charley Pride It's the title of my 10th albumCharley Pride's 10th Album
7%

Score Distribution

Percentile by Number Answered

Percent of People with Each Score

Your Score History

You have not taken this quiz